[Event "Australian Masters"]
[Site "Melbourne"]
[Date "2005.07.06"]
[Round "7"]
[White "Jordan, William J"]
[Black "Levi, Eddy"]
[Result "1-0"]
[WhiteElo "2304"]
[BlackElo "2252"]
[PlyCount "145"]
[EventDate "2005.06.29"]
[EventType "tourn"]
[EventRounds "9"]
[EventCountry "AUS"]
[EventCategory "1"]
[SourceTitle "CBM 107 Extra"]
[Source "ChessBase"]
[SourceDate "2005.09.01"]
[SourceVersion "1"]
[SourceVersionDate "2005.09.01"]
[SourceQuality "1"]

1. Nf3 f5 2. c4 Nf6 3. g3 e6 4. Bg2 d5 5. 0-0 Bd6 6. b3 Qe7 7. Bb2 0-0 8. Nc3 c6 9. d3 Nbd7 10. e4 fxe4 11. dxe4 dxc4 12. Qe2 e5 13. Qxc4+ Kh8 14. Rad1 Nc5 15. b4 b5 16. Qe2 Nb7 17. Nh4 Bxb4 18. Nf5 Qc7 19. f4 Be6 20. Ne3 Bc5 21. Kh1 Bd4 22. Nf5 Bc4 23. Qc2 Bxf1 24. Rxf1 Qb6 25. fxe5 Bxe5 26. Nd5 cxd5 27. Bxe5 dxe4 28. Bxe4 Rac8 29. Qd2 Rce8 30. Qg5 Rf7 31. Bd4 Nc5 32. Bd5 Ne6 33. Qd2 Nxd4 34. Bxf7 Qb7+ 35. Qg2 Qxf7 36. Nxd4 Qc4 37. Nf5 a5 38. Nd6 Qe6 39. Nxe8 Qxe8 40. Rc1 h6 41. Qc6 Qe3 42. Qc8+ Kh7 43. Qf5+ Kg8 44. Qc5 Qf3+ 45. Kg1 Ne4 46. Qd4 Qe2 47. Rd1 Ng5 48. Qd5+ Kf8 49. Rf1+ Ke7 50. Qg2 Qe3+ 51. Kh1 a4 52. h4 Ne4 53. Kh2 Ke6 54. Rf4 Kd5 55. Rf5+ Kc4 56. Qf1+ Kd4 57. Rf3 Qd2+ 58. Kh3 b4 59. Qb5 a3 60. Rf4 Ke3 61. Qb6+ Qd4 62. Qe6 Kd3 63. Qf5 Ke3 64. Rf3+ Ke2 65. Kg2 b3 66. Rxb3 Nd2 67. Rxa3 Qd6 68. Rc3 Qd4 69. Rc5 g6 70. Qe5+ Qe4+ 71. Qxe4+ Nxe4 72. Re5 Kd3 73. a4 1-0